Français - Vocabulaire - Statistiques

Statistiques générales
  • Ce quiz a été pris 74 fois
  • Le résultat moyen est 13 sur 20
Statistiques - réponses
Question Réponse % Correct
Une écharpe est un•e... Vêtement
100%
Le verbe "procrastiner" signifie : Remettre au lendemain
87%
Qu'est-ce qu'une faribole ? Une absurdité
83%
Qu'est-ce que la thallassophobie ? Peur de la mer
80%
Que veut dire "ubuesque" ? Ridicule
80%
Quel est l'antonyme de "clair" ? Obscur
77%
Quelqu'un qui affirme quelque chose de manière catégorique, sans discussion est qualifié•e de ... Péremptoire
76%
Quelqu'un qui aime parler avec abondance, souvent pour ne pas dire grand-chose est ... Loquace
74%
Quel est l'antonyme de "obsolète" ? Moderne
73%
L'adjectif "véhément" signifie : Violent énergiquement
71%
Le substantif "ubiquité" signifie : Être partout à la fois
69%
Quel est l'antonyme de "lacunaire" ? Exhaustif
66%
L'adjectif "idoine" signifie : Convenable
60%
Que veut dire "de façon analogue" ? De manière égale
60%
Quel est le synonyme de "misanthrope" ? Solitaire
60%
Quel est l'antonyme de "profus" ? Insuffisant
59%
Quel est le synonyme de "parcimonieux" Avare
54%
Quel est le synonyme de "arrogant" ? Hautain
36%
Une rupture dans la construction grammaticale d'une phrase se nomme un•e ... Anacoluthe
24%
Quel verbe correspond à : "Sortir lentement, apparaître progressivement" ? Sourdre
14%
Aucun quiz correspondant
Distribution des résultats
% des personnes avec chaque résultat
Percentile par nombre de réponses
Votre historique - résultats
Vous n’avez pas pris ce quiz